| 000 | 01808nam a2200349 i 4500 | ||
|---|---|---|---|
| 003 | DO-SdBNP | ||
| 005 | 20260305133236.0 | ||
| 007 | ta | ||
| 008 | 250708b2025 dr ||||| |||| 00| 0 spa d | ||
| 020 | _a9789945224214 | ||
| 040 |
_aDO-SdBNP _bspa _cBNPHU _erda |
||
| 041 | _aspa | ||
| 082 | 4 |
_axxx _bxxx _222 |
|
| 100 | 1 |
_aRodríguez Gallart, C. Augusto, _d1932- _eautor _4aut. _988283 |
|
| 245 | 1 | 3 |
_aEl aprendiz de todo : _bmemorias de un atávico / _cCarmelo Augusto Rodríguez Gallart ; concepto y diseño de cubierta, Amalia Casasnova, Sara Casasnova y Víctor Vidal ; prologo, Frank Moya Pons ; diseño y diagramación, Grupo Nous. |
| 250 | _aprimera edición | ||
| 264 | 4 |
_aSanto Domingo, República Dominicana : _bAgencia de Soluciones Editoriales (ADSE), _c©2025. |
|
| 300 |
_a453 páginas ; _c23 cm. |
||
| 336 |
_atexto _btxt _2rdacontent |
||
| 337 |
_asin mediación _bn _2rdamedia |
||
| 338 |
_avolumen _bnc _2rdacarrier |
||
| 500 | _aIncluye datos biográficos del autor en las páginas 451-453 | ||
| 504 | _aBibliografía : páginas 441-449 | ||
| 505 | _aPrólogo -- Proemio -- Orígenes del libro -- 1932-1940 -- 1940-1950 -- 1950-1960 -- 1960-1970 -- 1970-1980 -- 1980-1990 -- 1990-2000 --2000-2020 -- Colofón -- Apéndice -- Observaciones -- Travesura con la setas y otras narraciones -- Hongos comestible de Haití --Los hongos enteógenos -- Los behiques tainos: el rito de la Cohoba -- Bibliografías de la Primera y Segunda edición | ||
| 590 | _aInventariado, 2025 /LP | ||
| 700 | 1 |
_aMoya Pons, Frank, _eprologuista _4pr. _984999 |
|
| 700 | 1 |
_aCasasnova, Amalia, _ediseñador _4di. _988284 |
|
| 700 | 1 |
_aCasasnova, Sara, _ediseñador _4di _988285 |
|
| 700 | 1 |
_aVidal, Víctor, _ediseñador _4di _974899 |
|
| 910 | _aLP | ||
| 942 |
_2ddc _cLBS1 |
||
| 999 |
_c59459 _d59459 |
||